| 000 | 00449 a2200169 4500 | ||
|---|---|---|---|
| 001 | 83046 | ||
| 020 | _a9780070700123 | ||
| 082 | _a629.1323 AND | ||
| 090 |
_c39992 _d39992 |
||
| 100 | _aJohn D Anderson | ||
| 245 |
_aFundamentals of Aerodynamics (in SI Units) 5th/Ed _cJohn D Anderson _hEnglish |
||
| 250 | _a5 th | ||
| 260 |
_aNew Delhi _bTata McGraw Hill |
||
| 300 | _axxv 1034 p | ||
| 500 | _aCAE Reference Books | ||
| 505 | _aNUST Books | ||
| 942 |
_acaenust _k629.1323 AND |
||
| 999 |
_c318119 _d318119 |
||